000 00542nam a22001817a 4500
005 20180730122855.0
010 _aENG-123618
020 _c250.00
_a9789386906328
035 _aEN-107150
037 _bDBAD/PUB
082 _a304.23
100 _aBalan, Chandrika
245 _aInvisible walls /
_cby Chandrika Balan
260 _aNew Delhi
_bNiyogi Books
_c2018
270 _aBlock D, Building No. 77, Okhla Industrial Area, Phase-I
_bNew Delhi
_e110020
300 _a128p.
_c21cm(pbk)
942 _2ddc
_cEN
_mBAL
_h304.23
999 _c155116
_d155116